000
00329nam a22001457a 4500
008
230413b ||||| |||| 00| 0 eng d
020
_a
0394480473
041
_a
eng
080
_a
330.10
082
_a
330.10JAC
100
_a
23
101
_a
ECONO
245
_a
CITIES AND THE WEALTH OF NATIONS
_c
JACOBS .J
942
_2
udc
_c
BK
999
_c
59526
_d
59526